| 000 | 00579nam a22001817a 4500 | ||
|---|---|---|---|
| 005 | 20241003105637.0 | ||
| 010 | _aENG-141873 | ||
| 020 |
_a9789354428517 _c1400.00 |
||
| 035 | _aEN-125405 | ||
| 037 | _bDBAD | ||
| 082 |
_a615.2 _21 |
||
| 100 |
_aRai, Saurav Kumar _972310 |
||
| 245 |
_aAyurveda, Nation and Society: _bUnited Provinces, c. 1890-1950/ _cby Saurav Kumar Rai |
||
| 260 |
_aHyderabad _bOrient BlackSwan _c2024 |
||
| 270 |
_a3-6-752 Himayatnagar _bHyderabad (Telangana) _e500029 |
||
| 300 |
_axxviii,264p. _c22cm(Hb) |
||
| 942 |
_2ddc _cEN _h615.2 _mRAI |
||
| 999 |
_c206072 _d206072 |
||